01288nam a2200325Ia 4500001001200000003000800012006001900020007001500039008004100054020001500095020001800110020001800128040002100146035002100167050002300188100002100211245009500232260010300327300002400430440003200454504005300486533015200539650003100691650002700722650002400749655002900773710001700802856012600819999001700945ebr10619556CaPaEBRm u cr cn|||||||||090515s2002 txua sb 001 0 eng d z1555630928 z9781555630928 z9781613991626 aCaPaEBRcCaPaEBR a(OCoLC)75525108514aTN871b.T68 2002eb1 aTowler, Brian F.10aFundamental principles of reservoir engineeringh[electronic resource] /cBrian F. Towler. aRichardson, Tex. :bHenry L. Doherty Memorial Fund of AIME, Society of Petroleum Engineers,c2002. avii, 232 p. :bill. 0aSPE textbook series ;vv. 8 aIncludes bibliographical references and indexes. aElectronic reproduction.bPalo Alto, Calif. :cebrary,d2011.nAvailable via World Wide Web.nAccess may be limited to ebrary affiliated libraries. 0aOil reservoir engineering. 0aPetroleum engineering. 0aPetroleumxGeology. 7aElectronic books.2local2 aebrary, Inc.40uhttp://site.ebrary.com/lib/rucke/Doc?id=10619556zAn electronic book accessible through the World Wide Web; click to view c73699d73699